000 00636cab a2200217 4500
001 WB2813-38
008 090401t1992 xxu||||| |||| 00| 0 eng d
035 _a(Sirsi) u63963
041 _aeng
245 _aEZPT regulations
260 _c1992
350 _a0
490 _aSimon`s Tax Intelligence
_v19 March 1992, 348(1)
520 _aNew regulations will enable unit trust schemes, investing in buildings in EZs, to qualify for enterprise zone allowances.
650 _aCAPITAL ALLOWANCES
650 _aENTERPRISE ZONE PROPERTY TRUSTS
650 _aUNIT TRUSTS
690 _aTAXATION
942 _n0
948 _c04/03/1997
999 _c39805
_d39805